1725 1900 1290 1336 1043 1617 1894 1652 1019 1853 1532 1236 1577 1373 1307 1751 1181 1472 1279 1589 1715 1254 1593 1117 1451 1925 1507 1262 1615 1810 1695 1954 1210 1348 1234 1813 1142 1559 1974 1347 1646 1409 1433 1236 1306 1969 1607 1877 1348 1307 1161 1532 1186 1038 1767 1585 1657 1565 1665 1136 1848 1971 1027 1271 1071 1958 1698 1538 1581 1043 1962 1760 1622 1707 1126 1257 1949 1428 1074 1351 1278 1380 1800 1859 1493 1729 1530 1072 1814 1439 1623 1915 1924 1547 1042 1143 1208 1296 1441 BCNSPRNW ULIB Ver.6.0+V

เปลี่ยนเป็นภาษาไทย

Change to English
 แสดงรายละเอียดบรรณานุกรม
  กลับหน้าหลัก

Brief Record : Get Marc (ISO 2709) : E-mail record : QR code < ปิดหน้าต่าง
LEADER : 00000nam 2200000uu 4500
001    13399124714
003     ULIB
008    160125s2557||||th 000 0 tha d
099    วจ.WS105^ศ675ก
100 0  ศุภาณ์นาฏ สุวรรณกิจ, อภิเชษฐ์ พูลทรัพย์ และชนกานต์ แสงคำกุล
245 00 การพัฒนารูปแบบการระดมพลังภาคีชุมชนบ้านไร่เภพื่การมีส่วนร่วมพัฒนาศูนย์เด็กเล็ก^/cศุภาณ์นาฏ สุวรรณกิจ, อภิเชษฐ์ พูลทรัพย์ และชนกานต์ แสงคำกุล
260    พิษณุโลก:^bวิทยาลัยพยาบาลบรมราชชนนี พิษณุโลก,^c2557.
300    >145 หน้า.
650  7 พลังภาคีชุมชน
650  7 พัฒนาศูนย์เด็กเล็ก
945    ^p0^l0^i000263
945    ^p0^l0^i001423
999    ^aเกษร โพธิ์สุวรรณ
รายการนี้ยังไม่มีแท็ก
คุณยังไม่ได้ล็อกอิน คุณสามารถมีกิจกรรมร่วมกับเว็บไซต์ได้ แต่ต้องล็อกอินก่อน ::
  ล็อกอิน

รายการสื่อสารสนเทศ

ลำดับที่ ประเภท เลขเรียก/บาร์โค้ด สถานที่ สถานะ
1. งานวิจัย
งานวิจัย
วจ.WS105^ศ675ก ฉ.1 
  Barcode: 000263
ห้องสมุดวิทยาเขตสวรรค์ประชารักษ์
►วิจัย
บนชั้น
2. งานวิจัย
งานวิจัย
วจ.WS105^ศ675ก ฉ.2 
  Barcode: 001423
ห้องสมุดวิทยาเขตสวรรค์ประชารักษ์
►วิจัย
บนชั้น

BibComment


ยังไม่เคยถูกคอมเมนท์

คอมเมนท์ทรัพยากรรายการนี้
  คอมเมนท์: การพัฒนารูปแบบการ..


 Copyright 2026. Bcnsprnw @Library